000 00258nam a2200109Ia 4500
008 200302s9999 xx 000 0 und d
100 _aSimone K. schleifer
245 _aColour Inspirations
260 _bLoft Publications
260 _c2010
300 _a595 P.,
999 _c3087
_d3087